El barrio en la teoría social
Furkejuvvon:
| Váldodahkki: | |
|---|---|
| Materiálatiipa: | Girji |
| Giella: | espánnjágiella |
| Almmustuhtton: |
Buenos Aires
Espacio
2005
|
| Preanttus: | 1a. ed |
| Fáttát: | |
| Fáddágilkorat: |
Lasit fáddágilkoriid
Eai fáddágilkorat, Lasit vuosttaš fáddágilkora!
|
MARC
| LEADER | 00000nam a2200000 a 4500 | ||
|---|---|---|---|
| 001 | UCJ1128 | ||
| 003 | CL-VaPUC | ||
| 008 | 060929e20050000AG |||||||||||||||||spa|d | ||
| 020 | |a 9508022159 | ||
| 082 | 0 | 4 | |a 361.3 |b GRA |2 21 |
| 100 | |a Gravano, Ariel |e author |9 603166 | ||
| 245 | 1 | 3 | |a El barrio en la teoría social |
| 250 | |a 1a. ed | ||
| 300 | |a 200 p | ||
| 942 | |c BK | ||
| 945 | |d 20060929 00:00:00 |a jtorresc | ||
| 260 | |a Buenos Aires |b Espacio |c 2005 | ||
| 500 | |a www.espacioeditorial.com.ar | ||
| 650 | 0 | |a Trabajo social |9 307856 | |
| 650 | 0 | |a Acción social |9 307836 | |
| 650 | 0 | |a Problemas sociales |9 258537 | |
| 583 | |a last modification |c 20060929 00:00:00 |k Rodrigo Vera | ||
| 999 | |c 317839 |d 317837 | ||
| 952 | |0 0 |1 0 |4 0 |6 361_300000000000000_GRA_2005 |7 0 |8 A |9 394819 |a BIBGIM |b BIBGIM |d 2019-11-22 |i 4282450 |l 3 |o 361.3 GRA 2005 |p 4282450 |q 2025-05-16 |r 2025-05-09 |s 2025-05-09 |w 2019-11-22 |y BK |k SSL | ||